000
00261nam a2200097Ia 4500
001
644287
005
20250826153602.0
008
250824s9999 xx 000 0 und d
245
0
_a
GÜN SOLAR AKŞAMIN MATEMİNDEN
_c
AHMED GÜNBAY YILDIZ
260
_b
TİMAŞ KÜLTÜR
999
_c
644287
_d
644287